000 00734nam a22001577a 4500
003 OSt
005 20180803140412.0
008 180803b xxu||||| |||| 00| 0 eng d
040 _cRUA
082 _aAGR TAN 2016 B606 Or.1
100 _912957
_aTAN MENGLY ,តាន់ ម៉េងលី
245 _aeffect of calcium carbonate and calcium sulfate on mycelium of oyster mushrooms,ឥទ្ធិពលនៃកំរិតកាល់ស្យូមកាបូណាតនិងកាល់ស្យូមស៊ុលផាតទៅលើការលូតលាស់សរសៃមីសេដ្យូមផ្សិតអំបោះ
260 _aphnom penh
_brua
_c2016
300 _aix;39p;
_bill;
_c29cm,
942 _2ddc
_cAGR
999 _c17101
_d17101